Fundamentals of statistics / (Record no. 284336)
[ view plain ]
| 000 -LEADER | |
|---|---|
| fixed length control field | 00576cam a2200181u 4500 |
| 003 - CONTROL NUMBER IDENTIFIER | |
| control field | PILC |
| 005 - DATE AND TIME OF LATEST TRANSACTION | |
| control field | 20150523111934.0 |
| 008 - FIXED-LENGTH DATA ELEMENTS--GENERAL INFORMATION | |
| fixed length control field | |
| 020 ## - INTERNATIONAL STANDARD BOOK NUMBER | |
| International Standard Book Number | 9716856539 |
| 050 00 - LIBRARY OF CONGRESS CALL NUMBER | |
| Classification number | QA 276.12 |
| Item number | .Am516 2005 |
| 100 1# - MAIN ENTRY--PERSONAL NAME | |
| Personal name | Amid, Diego M. |
| 245 10 - TITLE STATEMENT | |
| Title | Fundamentals of statistics / |
| Statement of responsibility, etc | Diego M. Amid, PhD. |
| 260 ## - PUBLICATION, DISTRIBUTION, ETC. (IMPRINT) | |
| Place of publication, distribution, etc | Quezon City : |
| Name of publisher, distributor, etc | Lorimar Publishing Co., Inc., |
| Date of publication, distribution, etc | 2005. |
| 300 ## - PHYSICAL DESCRIPTION | |
| Extent | 222 pages : |
| Other physical details | illustrations ; |
| Dimensions | 26 cm. |
| 500 ## - GENERAL NOTE | |
| General note | Includes appendix and bibliographical references. |
| 650 #0 - SUBJECT ADDED ENTRY--TOPICAL TERM | |
| Topical term or geographic name as entry element | Statistics |
| Form subdivision | Textbooks. |
| 942 ## - ADDED ENTRY ELEMENTS (KOHA) | |
| Source of classification or shelving scheme | Library of Congress Classification |
| Koha item type | Books |
| Call number prefix | Local |
| Withdrawn status | Lost status | Source of classification or shelving scheme | Damaged status | Home library | Current library | Shelving location | Date acquired | Source of acquisition | Total Checkouts | Full call number | Barcode | Date last seen | Price effective from | Koha item type |
|---|---|---|---|---|---|---|---|---|---|---|---|---|---|---|
| Library of Congress Classification | Archives | Archives | 05/23/2015 | Donation | QA 276.12 .Am516 2005 | C19361 | 05/08/2018 | 05/23/2015 | Books |